[Event "XX Festival Conca della Presolana A"]
[Site "Bratto - Castione della Presolana ITA"]
[Date "2000.08.28"]
[Round "4"]
[White "Di Fonzo, Valerio"]
[Black "Lanzani, Mario"]
[Result "0-1"]
[WhiteElo "2217"]
[BlackElo "2419"]
[PlyCount "100"]
[EventDate "2000.08.25"]

1.e4 c5 2.Nf3 Nc6 3.d4 cxd4 4.Nxd4 Qb6 5.Nb3 Nf6 6.Nc3 e6 7.Be3 Qc7 8.Be2 
Bb4 9.Nd2 Bxc3 10.bxc3 d5 11.f3 dxe4 12.fxe4 Ne5 13.Bd4 h5 14.Nf3 Nxf3+ 
15.gxf3 e5 16.Be3 Qxc3+ 17.Kf2 O-O 18.Rg1 Kh7 19.Rb1 b6 20.Rg5 Be6 21.Qd6 
Rfd8 22.Qxe5 Qxe5 23.Rxe5 Rac8 24.Rb2 Rc3 25.a4 Rdc8 26.Bd3 Ra3 27.a5 bxa5
28.Bxa7 a4 29.Ra5 Bc4 30.Ke2 Bxd3+ 31.cxd3 Rb3 32.Rxb3 axb3 33.Rb5 Rc2+ 
34.Ke3 Rxh2 35.Rxb3 h4 36.d4 g5 37.d5 g4 38.Rb1 Ra2 39.Bc5 g3 40.Be7 Kg7 
41.Kf4 Rf2 42.Bxf6+ Kxf6 43.e5+ Ke7 44.Kg4 Rh2 45.f4 g2 46.Kf3 h3 47.f5 
Rh1 48.d6+ Kd7 49.Rb7+ Kc6 50.Rc7+ Kb6 0-1

[Event "XX Festival Conca della Presolana A"]
[Site "Bratto - Castione della Presolana ITA"]
[Date "2000.08.28"]
[Round "4"]
[White "Drabke, Lorenz Maximilian"]
[Black "Sarno, Spartaco"]
[Result "1/2-1/2"]
[WhiteElo "2144"]
[BlackElo "2409"]
[PlyCount "36"]
[EventDate "2000.08.25"]

1.e4 d6 2.d4 Nf6 3.Nc3 g6 4.Nf3 Bg7 5.Be2 O-O 6.O-O c6 7.a4 a5 8.h3 Na6 9.
Be3 Nb4 10.Nd2 Nd7 11.f4 f5 12.e5 Nb6 13.Nc4 N6d5 14.Nxd5 Nxd5 15.Bd2 b6 
16.c3 Ba6 17.Ne3 Nxe3 18.Bxe3 Bxe2 1/2-1/2

[Event "XX Festival Conca della Presolana A"]
[Site "Bratto - Castione della Presolana ITA"]
[Date "2000.08.28"]
[Round "4"]
[White "Epishin, Vladimir V."]
[Black "Dervishi, Erald"]
[Result "1-0"]
[WhiteElo "2567"]
[BlackElo "2478"]
[PlyCount "101"]
[EventDate "2000.08.25"]

1.d4 Nf6 2.c4 e6 3.Nf3 d5 4.Nc3 Be7 5.Bf4 O-O 6.e3 c5 7.dxc5 Bxc5 8.a3 Nc6
9.b4 Be7 10.cxd5 Nxd5 11.Nxd5 exd5 12.Bd3 a6 13.O-O Bf6 14.Rc1 Be6 15.Qd2 
Qe7 16.Rfe1 Rac8 17.h3 Rfd8 18.Rc2 h6 19.Rec1 Qd7 20.a4 Bf5 21.Bxf5 Qxf5 
22.b5 axb5 23.axb5 Ne7 24.Bc7 Rd7 25.Bb6 Rxc2 26.Qxc2 Qe6 27.Bd4 Bxd4 28.
Nxd4 Qb6 29.g3 Qg6 30.Qxg6 Nxg6 31.Kf1 Ne5 32.Rc5 Nc4 33.Ke2 Nb6 34.Kd3 
Kf8 35.Ne2 Ke7 36.Kd4 Kd6 37.Nf4 g5 38.Nxd5 Ke6 39.e4 Rd8 40.g4 Rd6 41.Rc7
Nxd5 42.exd5+ Rxd5+ 43.Kc4 b6 44.Re7+ Kxe7 45.Kxd5 Kd7 46.f4 gxf4 47.Ke4 
Kd6 48.Kxf4 f6 49.Kf5 Kc5 50.Kxf6 Kxb5 51.h4 1-0

[Event "XX Festival Conca della Presolana A"]
[Site "Bratto - Castione della Presolana ITA"]
[Date "2000.08.28"]
[Round "4"]
[White "Everet, Alexandro"]
[Black "Farago, Ivan"]
[Result "0-1"]
[WhiteElo "2348"]
[BlackElo "2486"]
[PlyCount "160"]
[EventDate "2000.08.25"]

1.d4 Nf6 2.c4 e6 3.Nc3 Bb4 4.Qc2 O-O 5.Bg5 h6 6.Bh4 c5 7.dxc5 Na6 8.O-O-O 
Bxc3 9.bxc3 Nxc5 10.f3 d6 11.e4 Bd7 12.Rxd6 Qc7 13.Rd2 Ba4 14.Qb2 Rfd8 15.
Bg3 e5 16.Be2 Rxd2 17.Qxd2 Rd8 18.Bxe5 Rxd2 19.Bxc7 Rxa2 20.Kb1 Bb3 21.Bd1
Rxg2 22.Nh3 Ba2+ 23.Ka1 Bxc4 24.Rg1 Ra2+ 25.Kb1 Nd3 26.Nf4 Rb2+ 27.Ka1 
Ra2+ 28.Kb1 Rxh2 29.Ng2 Rh5 30.Ne3 Ne8 31.Bd8 Rb5+ 32.Ka1 Rc5 33.Ba4 b5 
34.Bc2 Rc8 35.Be7 Rc6 36.Rd1 Re6 37.Nxc4 bxc4 38.Bxd3 Rxe7 39.Bxc4 Rc7 40.
Rd4 Nd6 41.Be2 Nb7 42.Kb2 Kf8 43.Ra4 Nc5 44.Ra1 Ne6 45.Kb3 h5 46.Bc4 Nf4 
47.Bd5 h4 48.c4 g5 49.Kc3 f6 50.Kd4 Ng6 51.Ke3 Ke7 52.Ra5 Nf4 53.e5 fxe5 
54.Ke4 h3 55.Kxe5 Kf8 56.Ra2 Rh7 57.Rh2 Nxd5 58.cxd5 a5 59.d6 Ke8 60.Rb2 
Rh6 61.Rb8+ Kd7 62.Rb7+ Kc8 63.Rb6 Rh7 64.d7+ Rxd7 65.Rh6 Ra7 66.Rxh3 a4 
67.Rh2 a3 68.Ra2 Ra5+ 69.Kd4 Kd7 70.Ke3 Ra4 71.Kd3 Kc6 72.Kc3 Kd5 73.Kd3 
Ke5 74.Ke3 Ra5 75.Rg2 Kf5 76.Ra2 Ra8 77.Ke2 Kf4 78.Kf2 Ra7 79.Kg2 Ke3 80.
Kg3 Ra4 0-1

[Event "XX Festival Conca della Presolana A"]
[Site "Bratto - Castione della Presolana ITA"]
[Date "2000.08.28"]
[Round "4"]
[White "Gorelli Fagiolini, Marco"]
[Black "Pagnoncelli, Marco"]
[Result "1-0"]
[WhiteElo "2203"]
[BlackElo "2082"]
[PlyCount "91"]
[EventDate "2000.08.25"]

1.e4 c5 2.Nf3 d6 3.d4 cxd4 4.Nxd4 Nf6 5.Nc3 g6 6.Be2 Bg7 7.O-O Nc6 8.Nb3 
O-O 9.Kh1 a6 10.f4 b5 11.Bf3 Bb7 12.Be3 Na5 13.e5 Bxf3 14.Qxf3 Nd7 15.Nxa5
Qxa5 16.Rfd1 Rfd8 17.Nd5 Kf8 18.exd6 exd6 19.c3 Rac8 20.Nb4 Nb8 21.Ba7 Qc7
22.Bxb8 Qxb8 23.Nc6 Qb7 24.Nxd8 Qxf3 25.gxf3 Rxd8 26.Kg2 a5 27.Rd2 b4 28.
c4 a4 29.Rad1 b3 30.axb3 axb3 31.Rxd6 Rxd6 32.Rxd6 Bxb2 33.Rb6 Bc1 34.Rxb3
Bxf4 35.Rb7 Ke8 36.c5 g5 37.h3 h5 38.c6 Be5 39.Kf1 h4 40.Ke2 Bg3 41.Kd3 
Be5 42.Ke4 f6 43.Rd7 Bc3 44.Kf5 Bb2 45.Ke6 Be5 46.c7 1-0

[Event "XX Festival Conca della Presolana A"]
[Site "Bratto - Castione della Presolana ITA"]
[Date "2000.08.28"]
[Round "4"]
[White "Guido, Flavio"]
[Black "Mantovani, Renzo"]
[Result "1/2-1/2"]
[WhiteElo "2303"]
[BlackElo "2410"]
[PlyCount "20"]
[EventDate "2000.08.25"]

1.e4 e6 2.d4 d5 3.e5 c5 4.c3 Qb6 5.Nf3 Bd7 6.Be2 cxd4 7.cxd4 Bb5 8.Nc3 
Bxe2 9.Nxe2 Bb4+ 10.Kf1 Be7 1/2-1/2

[Event "XX Festival Conca della Presolana A"]
[Site "Bratto - Castione della Presolana ITA"]
[Date "2000.08.28"]
[Round "4"]
[White "Lapiccirella, Mattia"]
[Black "Laco, Giuseppe"]
[Result "1-0"]
[WhiteElo "2144"]
[BlackElo "2180"]
[PlyCount "121"]
[EventDate "2000.08.25"]

1.d4 g6 2.c4 Bg7 3.Nf3 f5 4.g3 b6 5.Bg2 Bb7 6.O-O Nf6 7.Nc3 O-O 8.d5 a5 9.
Nd4 Na6 10.e4 fxe4 11.Nxe4 Nxe4 12.Bxe4 e5 13.Ne2 Nc5 14.Bg2 d6 15.Nc3 Ba6
16.Qe2 Qd7 17.Be3 Nb7 18.b3 Rae8 19.Rac1 Nd8 20.Qd2 Nf7 21.Ne4 Bc8 22.a3 
h6 23.b4 axb4 24.axb4 g5 25.c5 bxc5 26.bxc5 Qf5 27.cxd6 Nxd6 28.Qb4 Ba6 
29.Rfe1 Rb8 30.Nxd6 cxd6 31.Qxd6 Bd3 32.Rc7 Rbd8 33.Qe7 Bf6 34.Qe6+ Qxe6 
35.dxe6 Rfe8 36.Bh3 h5 37.Rf7 Be7 38.Bf5 Bc4 39.Rc1 Rc8 40.Rd1 Bb5 41.Rd7 
Ra8 42.Rdxe7 Ra1+ 43.Kg2 Rxe7 44.Bh7+ Kh8 45.Rxe7 g4 46.f3 Ra2+ 47.Bf2 Ra1
48.h3 Bf1+ 49.Kh2 gxh3 50.Bc2 Bg2 51.Bg1 Bxf3 52.Rh7+ Kg8 53.e7 Bc6 54.Rh6
Be8 55.Bg6 Ra8 56.Bxe8 Rxe8 57.Bc5 Kf7 58.Rxh5 Ke6 59.Kxh3 Kd5 60.Ba3 Rb8 
61.Bb2 1-0

[Event "XX Festival Conca della Presolana A"]
[Site "Bratto - Castione della Presolana ITA"]
[Date "2000.08.28"]
[Round "4"]
[White "Lovati, Paolo"]
[Black "Leoni, Fabrizio"]
[Result "1-0"]
[WhiteElo "2084"]
[BlackElo "2143"]
[PlyCount "117"]
[EventDate "2000.08.25"]

1.g3 Nf6 2.Bg2 e5 3.c4 Nc6 4.a3 Be7 5.Nc3 O-O 6.d3 Re8 7.Nf3 d5 8.cxd5 
Nxd5 9.Nxe5 Nxc3 10.Nxc6 Nxd1 11.Nxd8 Nxf2 12.Kxf2 Rxd8 13.b4 Bf6 14.Rb1 
Bd4+ 15.Be3 Bxe3+ 16.Kxe3 c6 17.b5 Re8+ 18.Kd2 Bg4 19.e3 Rad8 20.bxc6 bxc6
21.Bxc6 Re7 22.Rb4 Bf5 23.e4 Be6 24.Rhb1 Rc7 25.Rb8 Rdc8 26.Rxc8+ Bxc8 27.
Bd5 Kf8 28.Rc1 Rxc1 29.Kxc1 Ke7 30.Kd2 f6 31.Kc3 Kd6 32.Bg8 h6 33.Kd4 Bd7 
34.Bh7 Bc6 35.Bg6 Bd7 36.Ke3 Bb5 37.d4 Ba4 38.Bf5 Be8 39.Kf4 Ba4 40.Bg6 
Bb5 41.h4 Be2 42.g4 Bd1 43.g5 hxg5+ 44.hxg5 Ke7 45.Bf5 Be2 46.Bc8 Bd1 47.
Bg4 Bc2 48.Bf3 Ba4 49.Kf5 Be8 50.e5 fxe5 51.Kxe5 Bb5 52.d5 Kd7 53.Kf5 Ke7 
54.Kg6 Kf8 55.Bg4 Be8+ 56.Kh7 Ba4 57.d6 Bc2+ 58.g6 Bb3 59.d7 1-0

[Event "XX Festival Conca della Presolana A"]
[Site "Bratto - Castione della Presolana ITA"]
[Date "2000.08.28"]
[Round "4"]
[White "Manzoni, Alessandro"]
[Black "Marta, Daniele"]
[Result "1-0"]
[WhiteElo "2115"]
[BlackElo "1900"]
[PlyCount "47"]
[EventDate "2000.08.25"]

1.e4 e6 2.d3 d5 3.Nd2 Nf6 4.g3 c5 5.Bg2 Nc6 6.Ngf3 Be7 7.O-O O-O 8.Re1 b5 
9.h4 Ba6 10.e5 Nd7 11.Nf1 Rc8 12.N1h2 c4 13.d4 b4 14.Bf1 Qa5 15.Ng5 c3 16.
b3 Bxf1 17.Rxf1 Qb6 18.Be3 a5 19.Kg2 Nd8 20.Qh5 h6 21.Ng4 Bxg5 22.hxg5 
hxg5 23.Rh1 f5 24.Nh6+ 1-0

[Event "XX Festival Conca della Presolana A"]
[Site "Bratto - Castione della Presolana ITA"]
[Date "2000.08.28"]
[Round "4"]
[White "Mariano, Elia"]
[Black "Vancini, Edoardo"]
[Result "0-1"]
[WhiteElo "2093"]
[BlackElo "2301"]
[PlyCount "90"]
[EventDate "2000.08.25"]

1.d4 Nf6 2.c4 Nc6 3.Nf3 e6 4.Bg5 Bb4+ 5.Nbd2 h6 6.Bxf6 Qxf6 7.a3 Bxd2+ 8.
Qxd2 e5 9.dxe5 Nxe5 10.Nxe5 Qxe5 11.e3 a5 12.Be2 Ra6 13.Qd4 Re6 14.Qxe5 
Rxe5 15.O-O b6 16.b4 Ba6 17.Rfc1 Ke7 18.Rc3 g5 19.Kf1 Ra8 20.b5 Bb7 21.Bf3
Bxf3 22.gxf3 Rg8 23.Rd1 Rg6 24.Rd4 Rf6 25.Rcd3 d6 26.e4 Rf4 27.Rd5 Ke6 28.
Kg2 f5 29.Rxe5+ Kxe5 30.Rd5+ Ke6 31.Rd4 Ke5 32.Rd5+ Kf6 33.Rd4 a4 34.Kg3 
h5 35.c5 h4+ 36.Kg2 dxc5 37.Rxa4 Ke5 38.Ra8 fxe4 39.fxe4 Kxe4 40.Rg8 Rg4+ 
41.Kf1 Kd3 42.h3 Re4 43.Rxg5 c4 44.Rg7 c3 45.Rd7+ Kc2 0-1

[Event "XX Festival Conca della Presolana A"]
[Site "Bratto - Castione della Presolana ITA"]
[Date "2000.08.28"]
[Round "4"]
[White "Marzano, Carlo"]
[Black "Szekely, Peter"]
[Result "0-1"]
[WhiteElo "2236"]
[BlackElo "2445"]
[PlyCount "82"]
[EventDate "2000.08.25"]

1.d4 Nf6 2.Nf3 g6 3.c4 Bg7 4.Nc3 O-O 5.e4 d6 6.Be2 e5 7.d5 a5 8.Bg5 h6 9.
Bh4 Na6 10.Nd2 h5 11.h3 Bh6 12.g4 hxg4 13.Bxg4 Nc5 14.Nf3 Kg7 15.Qe2 Rh8 
16.Kd1 Bf4 17.Kc2 Bd7 18.Rag1 Qe7 19.Kb1 Rh6 20.Bxd7 Qxd7 21.Bg5 Bxg5 22.
Nxg5 Rh4 23.f3 Rah8 24.Nd1 Kf8 25.Ne3 Nh7 26.Nxh7+ R8xh7 27.Ng4 Qe7 28.Nf2
b6 29.Qe3 Nd7 30.Kc2 Nf6 31.b3 Nh5 32.Qg5 Qxg5 33.Rxg5 Rf4 34.Nd3 Rxf3 35.
a3 Nf6 36.b4 Nxe4 37.Rg2 axb4 38.axb4 Rhxh3 39.Rxh3 Rxh3 40.c5 bxc5 41.
bxc5 Nxc5 0-1

[Event "XX Festival Conca della Presolana A"]
[Site "Bratto - Castione della Presolana ITA"]
[Date "2000.08.28"]
[Round "4"]
[White "Menoni, Vincenzo"]
[Black "Schuurman, Petra"]
[Result "1-0"]
[WhiteElo "2240"]
[BlackElo "2151"]
[PlyCount "85"]
[EventDate "2000.08.25"]

1.e4 c6 2.d4 d5 3.e5 Bf5 4.Nf3 e6 5.Be2 c5 6.Be3 cxd4 7.Nxd4 Ne7 8.O-O 
Nbc6 9.f4 h5 10.c3 Nxd4 11.cxd4 Nc6 12.Nc3 h4 13.Rc1 Be7 14.Qb3 a6 15.Na4 
Na5 16.Qb6 Nc6 17.Qxb7 Na5 18.Qc7 Nc4 19.Qc6+ Kf8 20.Bxc4 Rc8 21.Qxa6 dxc4
22.Rfd1 Be4 23.b3 Ba3 24.Rxc4 Ra8 25.Qb6 Qe8 26.Bc1 Be7 27.Nc5 Bd5 28.Ra4 
Kg8 29.Rxa8 Qxa8 30.Qa6 Bxg2 31.Qxa8+ Bxa8 32.h3 Kh7 33.Be3 Kg6 34.Kf2 Rd8
35.Rg1+ Kh7 36.Rg4 g6 37.Rg1 Bd5 38.Rc1 Ra8 39.Rc2 Ra7 40.Ke1 f6 41.Kd1 g5
42.exf6 gxf4 43.fxe7 1-0

[Event "XX Festival Conca della Presolana A"]
[Site "Bratto - Castione della Presolana ITA"]
[Date "2000.08.28"]
[Round "4"]
[White "Mione, Dario"]
[Black "Oppici, Gabriele"]
[Result "1-0"]
[WhiteElo "2286"]
[BlackElo "2040"]
[PlyCount "47"]
[EventDate "2000.08.25"]

1.d4 Nc6 2.g3 d5 3.Bg2 Bf5 4.c4 e6 5.Qa4 Bxb1 6.Rxb1 Bb4+ 7.Kf1 Nf6 8.c5 
Ne4 9.Nf3 Qf6 10.Be3 O-O 11.Qc2 g5 12.a3 g4 13.Ne5 Nxe5 14.dxe5 Qxe5 15.
Bxe4 dxe4 16.axb4 f5 17.Kg2 Qg7 18.h3 e5 19.Qc4+ Kh8 20.hxg4 f4 21.gxf4 
Qxg4+ 22.Kf1 Qf5 23.fxe5 Rad8 24.e6 1-0

[Event "XX Festival Conca della Presolana A"]
[Site "Bratto - Castione della Presolana ITA"]
[Date "2000.08.28"]
[Round "4"]
[White "Orsi, Massimiliano"]
[Black "Ruzzier, Dario"]
[Result "1-0"]
[WhiteElo "2100"]
[BlackElo "2080"]
[PlyCount "45"]
[EventDate "2000.08.25"]

1.e4 e5 2.f4 Bc5 3.Nf3 d6 4.c3 Nc6 5.d4 Bb6 6.Bb5 Bd7 7.O-O Nf6 8.fxe5 
dxe5 9.Bg5 h6 10.Bxf6 Qxf6 11.Kh1 Qe7 12.Bxc6 Bxc6 13.Nxe5 Bxe4 14.Nd2 Bd5
15.Qa4+ c6 16.c4 Bxg2+ 17.Kxg2 Qg5+ 18.Kh1 Qxd2 19.Nf3 Qa5 20.Rae1+ Kf8 
21.Qb3 Re8 22.Ne5 Bc7 23.Nd7+ 1-0

[Event "XX Festival Conca della Presolana A"]
[Site "Bratto - Castione della Presolana ITA"]
[Date "2000.08.28"]
[Round "4"]
[White "Pirola, Andrea"]
[Black "Voltolini, Giuseppe"]
[Result "0-1"]
[WhiteElo "1909"]
[BlackElo "2279"]
[PlyCount "64"]
[EventDate "2000.08.25"]

1.d4 Nf6 2.Nf3 g6 3.Bf4 d6 4.e3 Bg7 5.Nbd2 O-O 6.Be2 Nc6 7.h3 Qe8 8.c3 e5 
9.dxe5 dxe5 10.Bg5 a6 11.Qc2 Nd7 12.e4 Nc5 13.Nb3 Ne6 14.h4 a5 15.Be3 b6 
16.h5 a4 17.Nbd2 a3 18.b3 Nf4 19.Bxf4 exf4 20.O-O-O Qe7 21.hxg6 hxg6 22.g3
fxg3 23.Rdg1 gxf2 24.Rg3 Ba6 25.Bxa6 Rxa6 26.Nc4 Qc5 27.Kb1 b5 28.Rg5 Qe7 
29.Ne3 Qf6 30.Qxf2 Qxc3 31.e5 Nb4 32.Nf5 gxf5 0-1

[Event "XX Festival Conca della Presolana A"]
[Site "Bratto - Castione della Presolana ITA"]
[Date "2000.08.28"]
[Round "4"]
[White "Podini, Francesco"]
[Black "Vita, Fabrizio"]
[Result "0-1"]
[WhiteElo "2071"]
[BlackElo "2102"]
[PlyCount "120"]
[EventDate "2000.08.25"]

1.c4 Nf6 2.Nc3 d5 3.cxd5 Nxd5 4.e4 Nxc3 5.bxc3 g6 6.d4 Bg7 7.Bc4 O-O 8.Ne2
c5 9.Be3 Nc6 10.O-O Qc7 11.Qd2 Rd8 12.Rac1 a6 13.f3 b5 14.Bb3 Bb7 15.Rfd1 
Rac8 16.Qe1 cxd4 17.cxd4 Qa5 18.Qf2 Nb4 19.Bd2 Qa3 20.Qe3 e6 21.Be1 Nc2 
22.Qf2 Nxd4 23.Rxc8 Nxe2+ 24.Qxe2 Rxc8 25.Rd7 Bc6 26.Rd3 Qc5+ 27.Bf2 Qe7 
28.Qd2 Bf6 29.Bb6 Qb7 30.Qe3 Be8 31.Kf1 b4 32.Kf2 Bb5 33.Bd4 e5 34.Bb2 
Bxd3 35.Qxd3 Qb6+ 36.Kf1 Rd8 37.Qc2 a5 38.Bd5 Qb8 39.Qc5 a4 40.Qc4 Rf8 41.
Qa6 a3 42.Bxa3 bxa3 43.Qxf6 Qc7 44.Kf2 Rb8 45.Kg3 Re8 46.h4 Qe7 47.Qc6 Kg7
48.Kh3 Rd8 49.Qc3 Rb8 50.Bb3 Rb6 51.g3 Qd7+ 52.Kg2 Qd4 53.Qxd4 exd4 54.Bc4
Rb2+ 55.Kf1 Kf6 56.f4 Ke7 57.Kg1 f6 58.e5 fxe5 59.fxe5 Rc2 60.Bb3 Rc3 0-1

[Event "XX Festival Conca della Presolana A"]
[Site "Bratto - Castione della Presolana ITA"]
[Date "2000.08.28"]
[Round "4"]
[White "Riccio, Eros"]
[Black "Aglietti, Graziano"]
[Result "0-1"]
[WhiteElo "2134"]
[BlackElo "2062"]
[PlyCount "76"]
[EventDate "2000.08.25"]

1.d4 Nf6 2.Nf3 g6 3.Bf4 Bg7 4.e3 O-O 5.c3 d6 6.h3 Nbd7 7.Be2 Qe8 8.O-O e5 
9.Bh2 Qe7 10.Na3 e4 11.Nd2 Nb6 12.b4 Nfd5 13.Qb3 a5 14.bxa5 Rxa5 15.c4 Nf6
16.Nb5 Na8 17.Rfc1 Re8 18.c5 Be6 19.Nc4 dxc5 20.Nxc7 Nxc7 21.Qxb7 Bxc4 22.
Bxc4 Ne6 23.Qb2 cxd4 24.exd4 Nh5 25.Qb6 Rg5 26.Bd6 Qf6 27.Qc6 Rd8 28.h4 
Rf5 29.g4 Rxf2 30.Qxe4 Rxd6 31.Bxe6 Rxe6 32.Rc8+ Bf8 33.Qa8 Rf1+ 34.Rxf1 
Qxd4+ 35.Rf2 Re1+ 36.Kh2 Qxf2+ 37.Qg2 Qf4+ 38.Kh3 Re3+ 0-1

[Event "XX Festival Conca della Presolana A"]
[Site "Bratto - Castione della Presolana ITA"]
[Date "2000.08.28"]
[Round "4"]
[White "Rossi, Giampiero"]
[Black "Tomba, Ivan"]
[Result "1/2-1/2"]
[WhiteElo "2101"]
[BlackElo "2022"]
[PlyCount "46"]
[EventDate "2000.08.25"]

1.d4 Nf6 2.c4 g6 3.g3 Bg7 4.Bg2 d6 5.Nc3 O-O 6.Nf3 c5 7.O-O Nc6 8.dxc5 
dxc5 9.Be3 Qa5 10.Qa4 Qxa4 11.Nxa4 Be6 12.Nxc5 Bxc4 13.Nxb7 Rab8 14.Nd4 
Rxb7 15.Nxc6 Rxb2 16.Nxe7+ Kh8 17.Bd4 Rxe2 18.Rfe1 Rxe1+ 19.Rxe1 Bxa2 20.
Ra1 Bc4 21.Rxa7 Ng4 22.Bxg7+ Kxg7 23.h3 Nf6 1/2-1/2

[Event "XX Festival Conca della Presolana A"]
[Site "Bratto - Castione della Presolana ITA"]
[Date "2000.08.28"]
[Round "4"]
[White "Sedina, Elena"]
[Black "Skembris, Spyridon"]
[Result "0-1"]
[WhiteElo "2405"]
[BlackElo "2475"]
[PlyCount "94"]
[EventDate "2000.08.25"]

1.e4 e5 2.Nf3 Nc6 3.Nc3 Nf6 4.d4 Bb4 5.Nxe5 O-O 6.Qd3 Re8 7.Bd2 Nxd4 8.
Qxd4 c5 9.Qd3 Rxe5 10.O-O-O d5 11.Nxd5 Nxd5 12.Bxb4 cxb4 13.exd5 Bf5 14.
Qg3 Qc8 15.Bd3 Rxd5 16.Rhe1 g6 17.Re5 Rxe5 18.Qxe5 Bxd3 19.Rxd3 Qc4 20.Kb1
Qc6 21.Qg5 h6 22.Qxh6 Re8 23.Rd1 Qxg2 24.Qh4 a5 25.b3 Qe4 26.Qf6 Qe5 27.
Qh4 Kg7 28.Qg3 Qf5 29.Rc1 Re2 30.f3 b5 31.Qd6 Qxf3 32.Qb6 Qc3 33.Qxa5 Qc5 
34.Qa8 Rxh2 35.Qe4 Qc3 36.Rf1 Rd2 37.Rc1 Rd6 38.Rf1 Re6 39.Qg2 Re1+ 40.
Rxe1 Qxe1+ 41.Kb2 Qc3+ 42.Kb1 Qc5 43.Qd2 g5 44.Kb2 Qc3+ 45.Qxc3+ bxc3+ 46.
Kxc3 g4 47.Kd2 b4 0-1

[Event "XX Festival Conca della Presolana A"]
[Site "Bratto - Castione della Presolana ITA"]
[Date "2000.08.28"]
[Round "4"]
[White "Solinas, Carlo"]
[Black "Murgia, Andrea"]
[Result "1/2-1/2"]
[WhiteElo "2058"]
[BlackElo "2131"]
[PlyCount "34"]
[EventDate "2000.08.25"]

1.e4 e5 2.Nf3 Nc6 3.d4 exd4 4.Bc4 Nf6 5.O-O Bc5 6.e5 d5 7.exf6 dxc4 8.Re1+
Be6 9.Ng5 Qd5 10.Nc3 Qf5 11.Nce4 O-O-O 12.g4 Qe5 13.Nf3 Qd5 14.fxg7 Rhg8 
15.Nf6 Qd6 16.Ne4 Qd5 17.Nf6 Qd6 1/2-1/2

[Event "XX Festival Conca della Presolana A"]
[Site "Bratto - Castione della Presolana ITA"]
[Date "2000.08.28"]
[Round "4"]
[White "Trabert, Bettina"]
[Black "Drazic, Sinisa"]
[Result "0-1"]
[WhiteElo "2259"]
[BlackElo "2508"]
[PlyCount "96"]
[EventDate "2000.08.25"]

1.e4 d6 2.d4 Nf6 3.Bd3 Nc6 4.c3 e5 5.Nf3 g6 6.O-O Bg7 7.Re1 O-O 8.dxe5 
Nxe5 9.Nxe5 dxe5 10.Bg5 h6 11.Bh4 a6 12.a4 Qe8 13.Nd2 Nh5 14.Bc4 b6 15.Nf1
Bb7 16.Qb3 Bf6 17.Bxf6 Nxf6 18.f3 Rd8 19.Rad1 Rxd1 20.Qxd1 Bc6 21.Qd2 Kg7 
22.Bxa6 Bxa4 23.Bc4 Qe7 24.b4 Rd8 25.Qa2 b5 26.Bb3 Bxb3 27.Qxb3 Qd6 28.Qc2
c5 29.bxc5 Qxc5+ 30.Ne3 Rc8 31.Kf2 Nh5 32.g3 b4 33.c4 Nf4 34.Rd1 Ra8 35.
gxf4 exf4 36.Qb2+ Kg8 37.Qd4 Ra2+ 38.Ke1 Qxd4 39.Rxd4 fxe3 40.Rd8+ Kg7 41.
Rb8 Rxh2 42.Rxb4 Rc2 43.Rb3 Kf6 44.f4 Rxc4 45.Rxe3 g5 46.fxg5+ hxg5 47.Kf2
Ke5 48.Rf3 Rxe4 0-1

[Event "XX Festival Conca della Presolana A"]
[Site "Bratto - Castione della Presolana ITA"]
[Date "2000.08.28"]
[Round "4"]
[White "Ventura, Boris"]
[Black "Zoldan, Matteo"]
[Result "1-0"]
[WhiteElo "2162"]
[BlackElo "2092"]
[PlyCount "83"]
[EventDate "2000.08.25"]

1.e4 c5 2.Nf3 d6 3.d4 cxd4 4.Nxd4 Nf6 5.Nc3 e6 6.Be2 a6 7.Be3 Qc7 8.f4 Be7
9.O-O b5 10.Bf3 Bb7 11.e5 dxe5 12.Bxb7 Qxb7 13.fxe5 Nd5 14.Qf3 O-O 15.Nf5 
Nc6 16.Nxd5 exd5 17.Qxd5 Rfe8 18.e6 f6 19.Rad1 Rab8 20.Nxe7+ Rxe7 21.Bc5 
Ree8 22.e7+ Kh8 23.Rfe1 h6 24.Re6 Rbc8 25.Rd6 Na5 26.Rd8 Qxd5 27.R1xd5 Nc6
28.Rxe8+ Rxe8 29.Rd6 Nxe7 30.Re6 Rc8 31.Bxe7 Rxc2 32.Rxa6 Rxb2 33.a3 Kh7 
34.Bb4 Re2 35.Rb6 Re5 36.Rc6 Kg6 37.Rc5 Kf5 38.Kf2 g6 39.Rxe5+ Kxe5 40.Ke3
Kd5 41.Bc3 f5 42.Bg7 1-0

[Event "XX Festival Conca della Presolana A"]
[Site "Bratto - Castione della Presolana ITA"]
[Date "2000.08.29"]
[Round "5"]
[White "Aglietti, Graziano"]
[Black "Gorelli Fagiolini, Marco"]
[Result "0-1"]
[WhiteElo "2062"]
[BlackElo "2203"]
[PlyCount "80"]
[EventDate "2000.08.25"]

1.e4 e6 2.d4 d5 3.Nc3 Nf6 4.Bg5 Bb4 5.e5 h6 6.Bd2 Bxc3 7.bxc3 Ne4 8.Bd3 
Nxd2 9.Qxd2 c5 10.Bb5+ Bd7 11.Rb1 c4 12.Qc1 Qa5 13.Qb2 O-O 14.Ne2 Bc8 15.
Qb4 Qd8 16.h4 a6 17.Qa3 Qb6 18.O-O Qa7 19.g4 axb5 20.Qc1 Nc6 21.h5 Qa3 22.
Qe3 Qe7 23.Qg3 b4 24.f4 f5 25.g5 Kh8 26.Kf2 Bd7 27.Ng1 Ra3 28.Ne2 Rxa2 29.
Rbc1 bxc3 30.Rg1 Be8 31.Qh4 Nb4 32.Rg3 Nxc2 33.Nxc3 Rb2 34.Nd1 hxg5 35.
fxg5 Qb4 36.h6 Qd2+ 37.Kg1 g6 38.h7 Qxc1 39.Qh6 Qxd1+ 40.Kg2 Ne3+ 0-1

[Event "XX Festival Conca della Presolana A"]
[Site "Bratto - Castione della Presolana ITA"]
[Date "2000.08.29"]
[Round "5"]
[White "Alberton, Roberto"]
[Black "Rossi, Giampiero"]
[Result "1/2-1/2"]
[WhiteElo "2147"]
[BlackElo "2101"]
[PlyCount "129"]
[EventDate "2000.08.25"]

1.e4 c5 2.Nf3 e6 3.d4 cxd4 4.Nxd4 a6 5.Bd3 Nc6 6.Nxc6 dxc6 7.O-O e5 8.Qh5 
Bd6 9.Bc4 Qe7 10.Rd1 Bc7 11.Bg5 Nf6 12.Qh4 h6 13.Nc3 O-O 14.Be3 Be6 15.Bb3
Bxb3 16.axb3 Rad8 17.f3 Rxd1+ 18.Rxd1 Rd8 19.Ra1 Nd5 20.Qxe7 Nxe7 21.Kf1 
Nc8 22.Na4 Bd6 23.Ke2 f6 24.Rd1 Be7 25.Ra1 Kf7 26.Nc5 Bxc5 27.Bxc5 Ke6 28.
Be3 Rd7 29.Bc5 Nd6 30.Rd1 g6 31.g4 Nb5 32.Rxd7 Kxd7 33.c3 Nd6 34.Be3 g5 
35.Bc5 Kc7 36.Kd3 b6 37.Bf2 c5 38.Ke2 Kc6 39.Kd3 Kb5 40.Kc2 a5 41.Bg1 Nc8 
42.Bf2 Ne7 43.Be1 Ng6 44.Bg3 a4 45.c4+ Kc6 46.bxa4 Nf8 47.Kd3 Ne6 48.Be1 
Nd4 49.Ke3 Nb3 50.Bc3 Kb7 51.Kd3 Kc6 52.Ke3 Kb7 53.Be1 Kc6 54.h3 Kd6 55.h4
Kc6 56.h5 Kd6 57.Bc3 Ke6 58.Kd3 Kd6 59.Ke2 Ke6 60.Kd3 Kd6 61.Be1 Ke6 62.
Bc3 Kd6 63.Kc2 Nd4+ 64.Kd3 Nb3 65.Kc2 1/2-1/2

[Event "XX Festival Conca della Presolana A"]
[Site "Bratto - Castione della Presolana ITA"]
[Date "2000.08.29"]
[Round "5"]
[White "Berni, Fabrizio"]
[Black "Di Fonzo, Valerio"]
[Result "1/2-1/2"]
[WhiteElo "2090"]
[BlackElo "2217"]
[PlyCount "71"]
[EventDate "2000.08.25"]

1.e4 e5 2.Nf3 Nc6 3.d4 exd4 4.Bc4 Nf6 5.O-O Nxe4 6.Re1 d5 7.Bxd5 Qxd5 8.
Nc3 Qa5 9.Nxe4 Be6 10.Neg5 O-O-O 11.Nxe6 fxe6 12.Rxe6 Bd6 13.Qd2 Qf5 14.
Qe2 Kd7 15.Re4 Rde8 16.Rxe8 Rxe8 17.Qd3 Qxd3 18.cxd3 Nb4 19.Bd2 Nxd3 20.
Nxd4 Nxb2 21.Kf1 Be5 22.Nf3 Bf6 23.Rc1 b6 24.g4 g6 25.h4 c5 26.Bc3 Bxc3 
27.Rxc3 Kd6 28.Ng5 Re7 29.Re3 Rc7 30.Ke2 c4 31.f4 b5 32.f5 gxf5 33.gxf5 
Nd3 34.f6 Ne5 35.Rxe5 Kxe5 36.f7 1/2-1/2

[Event "XX Festival Conca della Presolana A"]
[Site "Bratto - Castione della Presolana ITA"]
[Date "2000.08.29"]
[Round "5"]
[White "Caruso, Daniele"]
[Black "Trabert, Bettina"]
[Result "0-1"]
[WhiteElo "2117"]
[BlackElo "2259"]
[PlyCount "74"]
[EventDate "2000.08.25"]

1.e4 e5 2.Nf3 Nc6 3.Nc3 Nf6 4.d4 exd4 5.Nxd4 Bb4 6.Nxc6 bxc6 7.Bd3 d5 8.
exd5 cxd5 9.O-O O-O 10.Bg5 c6 11.Qf3 Be7 12.Rae1 h6 13.Bc1 Bd6 14.h3 Rb8 
15.Ne2 Bc7 16.c3 c5 17.Rd1 Bb7 18.Bf5 d4 19.Qd3 Qd5 20.f3 c4 21.Qb1 d3 22.
Nd4 Bb6 23.Be4 Bxd4+ 24.cxd4 Qxd4+ 25.Kh2 Nxe4 26.fxe4 Qxe4 27.Rf2 Bd5 28.
Bd2 Qd4 29.Be1 Rfe8 30.Rfd2 Re6 31.Bf2 Qe4 32.Bg3 Rbe8 33.Rf1 Qg6 34.Rff2 
Re3 35.Bc7 Re1 36.Rd1 R8e2 37.Rxe1 Rxf2 0-1